| 000 | 00722nam a2200241 i 4500 | ||
|---|---|---|---|
| 001 | 18620 | ||
| 003 | ES-MaACL | ||
| 005 | 20230906151900.0 | ||
| 007 | t| | ||
| 008 | 011031s2000 sp ||||0| spa | ||
| 020 | _a84-8306-364-6 | ||
| 080 | _a929:61 Ramón y Cajal, Santiago | ||
| 100 | 1 |
_aLópez Piñero, José María. _973895 |
|
| 245 | 1 | 0 |
_aCajal / _cJosé María López Piñero. |
| 250 | _a1ª ed. | ||
| 260 |
_aMadrid : _bDebate, _c2000. |
||
| 300 |
_a287 p., [24] p. de lám : _bil ; _c24 cm. |
||
| 490 | 1 | _aDebate pensamiento | |
| 600 | 1 | 4 |
_aRamón y Cajal, Santiago, _d1852-1934- _xBiografías _995228 |
| 830 | 1 |
_aDebate pensamiento _9120727 |
|
| 852 |
_aES-MaACL _jL-25184 |
||
| 999 |
_c18620 _d18620 |
||